| 000 | 02077cam a2200469 i 4500 | ||
|---|---|---|---|
| 001 | xx004867691 | ||
| 003 | NUKAT | ||
| 005 | 20260427105335.0 | ||
| 008 | 200522s2020 pl a |001 0 pol c | ||
| 020 |
_a9788380987364 _q(oprawa twarda) : _czł 35,00 |
||
| 035 | _a(OCoLC)1156634878 | ||
| 035 | _a(NUKAT)xx004867691 | ||
| 040 |
_aGD U/MJ _bpol _erda _cGD U/MJs _dWR O/KP _dSZCZ U/AB _dWA 14/ABs _dOLSZT 008/bak |
||
| 045 | 2 |
_bd1939 _bd1945 |
|
| 046 | _k2020 | ||
| 100 | 1 |
_aBorcz, Andrzej. _eAutor _940620 |
|
| 245 | 1 | 0 |
_aObwód Łańcut SZP-ZWZ-AK w latach 1939-1945 / _cAndrzej Borcz ; Instytut Pamięci Narodowej. Komisja Ścigania Zbrodni przeciwko Narodowi Polskiemu. |
| 260 |
_aKraków ; _aWarszawa : _bInstytut Pamięci Narodowej. Komisja Ścigania Zbrodni przeciwko Narodowi Polskiemu, _c2020. |
||
| 300 |
_a463, [1] strona, [64] strony tablic : _bilustracje ; _c25 cm. |
||
| 336 |
_aTekst _btxt _2rdacontent |
||
| 337 |
_aBez urządzenia pośredniczącego _bn _2rdamedia |
||
| 338 |
_aWolumin _bnc _2rdacarrier |
||
| 380 | _aKsiążki | ||
| 380 | _aPublikacje naukowe | ||
| 388 | 1 | _a2001- | |
| 490 | 1 |
_aSeria Monografie ; _vt. 148 |
|
| 504 | _aBibliografia na stronach 399-420. Indeks. | ||
| 610 | 2 | 7 |
_aObwód Łańcut (Armia Krajowa) _2DBN _940621 |
| 610 | 1 | 7 |
_aPolska. _bArmia Krajowa. _bObwód Łańcut. _2kaba _940622 |
| 648 | 7 |
_a1901-2000 _2DBN _934996 |
|
| 648 | 7 |
_a1939-1945 _2DBN _936042 |
|
| 650 | 7 |
_aII wojna światowa (1939-1945) _2DBN _935099 |
|
| 650 | 7 |
_aRuch oporu _2DBN _935814 |
|
| 650 | 7 |
_aWojna światowa (1939-1945) _xhistoria jednostek _zPolska. _2kaba _923754 |
|
| 651 | 7 |
_aŁańcut (woj. podkarpackie ; okolice) _2DBN _940623 |
|
| 655 | 7 |
_aMonografia _2DBN _935240 |
|
| 658 | _aHistoria | ||
| 710 | 2 |
_aInstytut Pamięci Narodowej - Komisja Ścigania Zbrodni przeciwko Narodowi Polskiemu. _eInstytucja sprawcza _eWydawca _4pbl _911792 |
|
| 830 | 0 |
_aMonografie - Instytut Pamięci Narodowej - Komisja Ścigania Zbrodni przeciwko Narodowi Polskiemu _vt. 148 _911794 |
|
| 920 | _a978-83-8098-736-4 (oprawa twarda) : zł 35,00 | ||
| 942 |
_2ddc _cBK_NM |
||
| 999 |
_c27795 _d27795 |
||